02333nam a2200337 a 450000100060000000300080000600500170001400800410003102000310007202000300010302000270013303500190016004000280017904100080020708200270021510000400024224501260028225000210040826400350042930000440046433600260050833700280053433800270056250000770058950400510066652010370071765000260175465000270178065000170180777601710182482159BD-RjUL20231018152933.0231018s2022 nyua b 001 0 eng  a9781398603028q(paperback) a9781398603042q(hardback) z9781398603035q(ebook) a(BD-RjUL)82159 aDLCbengcDLCerdadDLC aeng00223a658.3125bARA 20221 aArmstrong, Michael,d1928-eauthor.10aArmstrong's handbook of performance management :ban evidence-based guide to performance leadership /cMichael Armstrong. aSeventh edition. 1aNew York :bKogan Page,c2022. axi, 266 pages :billustrations ;c25 cm atextbtxt2rdacontent aunmediatedbn2rdamedia avolumebnc2rdacarrier aRevised edition of Armstrong's handbook of performance management, 2018. aIncludes bibliographical references and index. a"Optimizing staff performance is a key component of achieving outstanding business results. The 7th edition of Armstrong's Handbook of Performance Management is an essential companion for improving employee and organizational performance. From performance pay and giving feedback to managing underperformers, this handbook addresses all areas of performance management to enable students and practitioners to understand how to assess, measure and improve performance. This updated 7th edition contains new chapters on the meaning and development of performance management, and covers managing and measuring performance with a remote workforce, performance leadership and multi-source feedback. Packed with examples and exercises, Armstrong's Handbook of Performance Management remains an indispensable and engaging resource for securing effective performance across all aspects of the organization. Supporting online resources include an instructor's manual, a student's manual, lecture slides, a glossary and a literature review"-- 0aEmployeesxRating of. 0aPerformance standards. 0aPerformance.08iOnline version:aArmstrong, Michael, 1928-tArmstrong's handbook of performance managementb1st.dNew York, NY : Kogan Page Inc, 2022z9781398603035w(DLC) 2021047189